[Event "Vrsar Spring op"]
[Site "Vrsar"]
[Date "2024.04.01"]
[Round "4"]
[White "Manschot, Thomas"]
[Black "Crnkovic, Zdravko"]
[Result "0-1"]
[WhiteElo "1929"]
[BlackElo "1970"]
[PlyCount "72"]
[EventDate "2024.04.01"]
[EventType "swiss"]
[EventRounds "9"]
[EventCountry "CRO"]
[SourceTitle "CB16_2024"]
[SourceDate "2024.04.17"]
[SourceVersion "1"]
[SourceVersionDate "2024.04.17"]
[SourceQuality "1"]

1. d4 d5 2. c4 e6 3. Nc3 Nf6 4. cxd5 exd5 5. Bg5 c6 6. e3 Be7 7. Bd3 0-0 8. Qc2 Nbd7 9. Nge2 Re8 10. 0-0 Nf8 11. Rad1 Nh5 12. Bxe7 Qxe7 13. Ng3 Qg5 14. Nxh5 Qxh5 15. e4 Re6 16. f3 Rh6 17. g3 Ne6 18. exd5 Ng5 19. Be4 f5 20. g4 fxg4 21. fxg4 Bxg4 22. Rd3 Nxe4 23. Nxe4 Be2 24. Rf2 Bxd3 25. Qxd3 Rg6+ 26. Ng3 Qxd5 27. Rf5 Qxa2 28. d5 Rd8 29. Qe4 Qa1+ 30. Rf1 Qxb2 31. Kh1 Rf6 32. Nf5 Rdf8 33. Ne7+ Kh8 34. Rg1 Rf1 35. Qe3 Rxg1+ 36. Kxg1 Qf6 0-1